| 000 | 00586nam a2200205Ia 4500 | ||
|---|---|---|---|
| 003 | IIN | ||
| 005 | 20240201143556.0 | ||
| 008 | 231217s9999 xx 000 0 und d | ||
| 020 |
_cRs.350.00 _a9788131256411 |
||
| 040 |
_aIIN _bEnglish |
||
| 082 |
_a610.7303 _bTAY |
||
| 100 | 1 | _aTaylo, Joyne [ED] | |
| 245 | 2 |
_aBailliere's Dictionary for Nurses and Health Care Workers / _cJoyne Taylor, Ed. |
|
| 250 |
_a27th ed _bAnnu Kaushik, [Adaptation ED] |
||
| 260 |
_bElsevier _aNew Delhi _c2019 |
||
| 300 | _a505 p. | ||
| 650 | 1 | _aDictionary | |
| 700 | 1 | _aKaushik, Annu [Adap. Ed] | |
| 942 | _cREF | ||
| 999 |
_c80 _d80 |
||